000 00977naa a22002657a 4500
001 BR6009460
003 BR-BrBNA
005 20240918173025.0
007 ta
008 230509b bl.||||| |||| 00| 0 por d
040 _aBR-BrBNA
_bpor
_cBiblioteca Nacional de Agricultura
041 _a(Pt)
072 _aC00; F20
_b/G514
090 _aC00 BR6009460
100 1 _aTavares, F.D.
111 1 _a2. Reuniao Brasileira de Ciencia do Solo
_cCampinas, SP (Brazil)
_d11 Jul 1949
245 1 _aO ensino da ciencia do solo nas escolas de agronomia do Brasil
260 3 _aRio de Janeiro, GB (Brasil):
_c1953.
500 _aAnais da 2. Reuniao Brasileira de Ciencia do Solo Rio de Janeiro, GB (Brasil): 1953. p. 751-753 (BR6009460-AM)C00
650 _aEnsino
650 _aPedologia
773 0 _tAnais da 2. Reuniao Brasileira de Ciencia do Solo
_wC00 BR6009460
_gRio de Janeiro, GB (Brasil), 1953. p. 751-753
909 _a202404
_bLucia
_c55
_dLucia Elande
942 _cAM
_2AGRIS
999 _c302543
_d302543